00604nam a2200193Ia 450000500170000000800410001702000290005804000190008704100120010608200170011824501050013526000440024030000150028450400190029965000250031865100350034370000220037885000100040020230511111828.0140110s9999 xx 000 0 und d a9788120332232cRs.495.00 aLoreto College aEnglish a330.019bALT aHandbook of contemporary behavioral economicsbFoundations and developmentscEdited by Morris Altman aNew DelhibPrentice-Hall of Indiac2007 axxii,762p  aIncludes index aBehavioral economics aEconomics-Psychological aspect aAltman,Morris,ed. aLCLIB